Loading...

A guide to Protein Isolation

Traffic exists on a different "level" - it is dependent upon the existence of motor vehicles but the physics and mathematics of traffic can be adequately addressed by considering motor vehicles as mobile "blobs", with no consideration of how they become mobile.

Bibliographic Details
Main Author: Dennison, Clive
Format: Printed Book
Published: Dordrecht Kluwer Academic Publishers 2003
Edition:2nd; Ed.
Series:Focus on structural biology, v. 3.
Subjects:
Online Access:: http://classify.oclc.org/classify2/ClassifyDemo?owi=756456
LEADER 01158nam a2200205 4500
999 |c 149085  |d 149081 
020 |a 9781402012242 
082 |a 572.6 DEN/A 
100 |a  Dennison, Clive  |9 63774 
245 |a  A guide to Protein Isolation 
250 |a 2nd; Ed. 
260 |a Dordrecht   |b Kluwer Academic Publishers  |c 2003 
300 |a 249p. 
490 |a Focus on structural biology, v. 3.  
520 |a Traffic exists on a different "level" - it is dependent upon the existence of motor vehicles but the physics and mathematics of traffic can be adequately addressed by considering motor vehicles as mobile "blobs", with no consideration of how they become mobile. 
650 |a Proteins -- Separation-- Proteins -- isolation & purification -- Chemistry Techniques, Analytical -- methods.  |9 63775 
856 |u : http://classify.oclc.org/classify2/ClassifyDemo?owi=756456 
942 |c BK 
952 |0 0  |1 0  |4 0  |6 572_600000000000000_DEN_A  |7 0  |9 147905  |a SBS  |b SBS  |d 2017-10-13  |l 0  |o 572.6 DEN/A  |p SBS1139  |r 2017-10-13  |w 2017-10-13  |y BK 
952 |0 0  |1 0  |4 0  |6 572_600000000000000_DEN_A_2  |7 0  |9 147915  |a SBS  |b SBS  |d 2017-10-13  |l 0  |o 572.6 DEN/A; 2  |p SBS1389  |r 2017-10-13  |w 2017-10-13  |y BK